| 000 | 01178nam a2200229 a 4500 | ||
|---|---|---|---|
| 999 |
_c6580 _d6580 |
||
| 001 | 6580 | ||
| 003 | BD-JhCC | ||
| 005 | 20180212122903.0 | ||
| 008 | 180125s1997 bg a|||| |||| 000 0 mul d | ||
| 035 | _a(BD-JhCC)6580 | ||
| 040 |
_aBD-JhCC _dBD-JhCC |
||
| 041 | _aBengali and English | ||
| 082 |
_a004 _bKHA 1997 |
||
| 100 | _aখান, মোঃ আজিজুর রহমান | ||
| 245 |
_aমাইক্রোসফট অফিস ৯৭ : _bমাইক্রোসফট উইন্ডোজ ৯৫, মাইক্রোসফট ওয়ার্ড ৯৭, মাইক্রোসফট এক্সেল ৯৭, মাইক্রোসফট পাওয়ার পয়েন্ট ৯৭, মাইক্রোসফট একসিস ৯৭ / _cমোঃ আজিজুর রহমান খান এবং তারিকুল ইসলাম চৌধুরী |
||
| 260 |
_aঢাকা : _bজ্ঞানকোষ প্রকাশনী, _c1997. |
||
| 300 |
_aVerious Pages : _billus., _c23 cm. |
||
| 650 | _aComputer Science | ||
| 700 | _aচৌধুরী, তারিকুল ইসলাম | ||
| 942 |
_2ddc _cBK |
||